Sabrina Carpenter Most Streamed Songs A-Z - Statistics

General Stats
  • This quiz has been taken 219 times
  • The average score is 11 of 21
Answer Stats
Letter Streams Song % Correct
E 1.58b Espresso
98%
P 1.00b Please Please Please
91%
N 1.08b Nonsense
82%
F 728m Feather
79%
T 516m Taste
79%
J 165m Juno
75%
B 284m Bed Chem
69%
G 170m Good Graces
60%
V 109m Vicious
53%
D 72.6m Don't Smile
52%
C 110m Coincidence
51%
O 64.7m opposite
41%
L 321m Looking at Me
37%
R 131m Read your Mind
37%
S 253m Sue Me
36%
H 32.8m how many things
26%
W 165m Why
23%
M 18.9m Mona Lisa
20%
A 98.3m Alien
19%
I 40.1m In My Bed
13%
Y 12.6m Your Love's Like
13%
No matching quizzes found
Score Distribution
Percent of People with Each Score
Percentile by Number Answered
Your Score History
You have not taken this quiz